Statistics for Countries whose Neighbours all took part in a FIFA World Cup

Click here to take the quiz!

General Stats

  • This quiz has been taken 89 times
  • The average score is 16 of 24

Answer Stats

# Country % Correct
5Bolivia
90%
3Paraguay
88%
3Chile
85%
2United States
85%
2Ecuador
84%
5Argentina
83%
2Uruguay
83%
5Peru
83%
3Netherlands
73%
3Finland
68%
4Slovenia
66%
4Czech Republic
65%
2Panama
64%
7Hungary
61%
3Luxembourg
61%
5Slovakia
61%
3North Korea
60%
2Andorra
56%
2Liechtenstein
56%
2Nicaragua
51%
2Mongolia
50%
2Moldova
49%
2England
38%
2Kuwait
36%

Score Distribution

Percentile by Number Answered

Percent of People with Each Score

Your Score History

You have not taken this quiz